00571nam a2200133Ia 4500008004100000245019400041260002900235260000900264300000600273650001300279856005300292999001900345952007300364170516s9999 xx 000 0 und d aApplication of Cerium (IV) as an Oxidimetric Agent for the Determination of Ethionamide in Pharmaceutical Formulations, Kanakapura Basavaiah, Nagib A. S. Qarah, and Sameer A. M. Abdulrahman bJournal of Pharmaceutics c2016 a: xPharmacy uhttps://www.hindawi.com/journals/jphar/contents/ c331009d331009 001040aCLbCLd2017-05-16l0r2017-05-16 00:00:00w2017-05-16yFOJ